<The> demise of the nation state?

Na minha lista:
Detalhes bibliográficos
Autor principal: Tanzi, Vito
Formato: Livro
Idioma:inglês
Publicado em: Washington International Monetary Fund 1998
Colecção:IMF Working Paper WP/98/120
Assuntos:
Tags: Adicionar Tag
Sem tags, seja o primeiro a adicionar uma tag!

MARC

LEADER 00000nam a2200000 4500
001 c107913
005 20221221081953.0
041 0 |a eng 
044 |a US 
245 1 0 |a <The> demise of the nation state?  |c Prepared by Vito Tanzi 
264 1 |a Washington  |b International Monetary Fund  |c 1998 
300 |a 17 s. 
490 1 |a IMF Working Paper  |v WP/98/120 
830 0 |a IMF Working Paper  |v WP/98/120 
610 2 0 |a globalizácia 
610 2 0 |a štát 
610 2 0 |a národ 
610 2 0 |a globalizácia hospodárstva 
610 2 0 |a federácia 
610 2 0 |a vláda 
100 1 |a Tanzi, Vito